Localization and Classification of Heart Sounds using PCG Signals / (Record no. 534889)

000 -LEADER
fixed length control field 00525nam a22001577a 4500
020 ## - INTERNATIONAL STANDARD BOOK NUMBER
Qualifying information Hard Cover.
082 ## - DEWEY DECIMAL CLASSIFICATION NUMBER
Classification number 620.1
100 ## - MAIN ENTRY--PERSONAL NAME
Personal name Mubarak, Qurat-ul-ain
245 ## - TITLE STATEMENT
Title Localization and Classification of Heart Sounds using PCG Signals /
Statement of responsibility, etc. Qurat-ul-ain Mubarak.
260 ## - PUBLICATION, DISTRIBUTION, ETC.
Place of publication, distribution, etc. Islamabad :
Name of publisher, distributor, etc. CEME - NUST,
Date of publication, distribution, etc. 2018.
300 ## - PHYSICAL DESCRIPTION
Extent x, 74 p. : ill. ;
942 ## - ADDED ENTRY ELEMENTS (KOHA)
Source of classification or shelving scheme
Koha item type Thesis
650 ## - SUBJECT ADDED ENTRY--TOPICAL TERM
Topical term or geographic name entry element MS Thesis Computer Engineering.
700 ## - ADDED ENTRY--PERSONAL NAME
Personal name Dr. Muhammad Usman Akram.
650 ## - SUBJECT ADDED ENTRY--TOPICAL TERM
-- 29293
700 ## - ADDED ENTRY--PERSONAL NAME
-- 16084
Holdings
Withdrawn status Lost status Source of classification or shelving scheme Damaged status Not for loan Permanent Location Current Location Shelving location Date acquired Total Checkouts Full call number Barcode Date last seen Price effective from Koha item type
          Central Library (CL) Central Library (CL) Thesis 08/06/2020   620.1 CL-T-274 08/06/2020 08/06/2020 Thesis
© 2023 Central Library, National University of Sciences and Technology. All Rights Reserved.